Fractional differential equations : (Record no. 51692)

MARC details
000 -LEADER
fixed length control field 00737nam a2200241Ia 4500
005 - DATE AND TIME OF LATEST TRANSACTION
control field 20260429111954.0
008 - FIXED-LENGTH DATA ELEMENTS--GENERAL INFORMATION
fixed length control field 260429s9999||||xx |||||||||||||| ||und||
020 ## - INTERNATIONAL STANDARD BOOK NUMBER
International Standard Book Number 9783111334349
041 ## - LANGUAGE CODE
Language English
082 ## - DEWEY DECIMAL CLASSIFICATION NUMBER
Classification number 515.35
Item number BEN
100 ## - MAIN ENTRY--PERSONAL NAME
Personal name Benchohra, Mouffak
245 #0 - TITLE STATEMENT
Title Fractional differential equations :
Remainder of title a coincidence degree approach /
Statement of responsibility, etc Mouffak Benchohra
260 ## - PUBLICATION, DISTRIBUTION, ETC. (IMPRINT)
Place of publication, distribution, etc Germany :
Name of publisher, distributor, etc De Gruyter,
Date of publication, distribution, etc 2024.
300 ## - PHYSICAL DESCRIPTION
Extent xi, 322 p.; hb
440 ## - SERIES STATEMENT/ADDED ENTRY--TITLE
Title Fractional calculus in applied sciences and engineering; 12
650 ## - SUBJECT ADDED ENTRY--TOPICAL TERM
Topical term or geographic name as entry element Differential equations
650 ## - SUBJECT ADDED ENTRY--TOPICAL TERM
Topical term or geographic name as entry element Mathematical analysis
650 ## - SUBJECT ADDED ENTRY--TOPICAL TERM
Topical term or geographic name as entry element Mathematics
700 ## - ADDED ENTRY--PERSONAL NAME
Personal name Bouriah, Soufyane
700 ## - ADDED ENTRY--PERSONAL NAME
Personal name Salim, Abdelkrim
700 ## - ADDED ENTRY--PERSONAL NAME
Personal name Zhou, Yong
942 ## - ADDED ENTRY ELEMENTS (KOHA)
Koha item type Text Books
Holdings
Withdrawn status Lost status Damaged status Not for loan Collection code Home library Location Shelving location Date of Cataloging Source of acquisition Total Checkouts Full call number Barcode Date last seen Price effective from Koha item type
        Non-fiction CUTN Central Library CUTN Central Library Sciences 29/04/2026 Feel Books, Chennai - Invoice No. BRL/CRB/25-26/568 on 13-02-2026   515.35 BEN 56720 29/04/2026 29/04/2026 Text Books